| 000 | 00828nam a2200217 a 4500 | ||
|---|---|---|---|
| 008 | 120416s2003 ||||||||||||||||| || u | ||
| 020 | _a1843763478 | ||
| 050 | _aTK 5103.4.885 Int | ||
| 100 | _aEdquist, Charles | ||
| 245 | 1 | 4 |
_aThe internet and mobile telecommunications system of innovation _cedited by Charles Edquist |
| 246 | _adevelopment in equipment, access and content | ||
| 260 |
_aCheltenham _bEdward Elgar _c2003. |
||
| 300 | _axiv, 200p. : ill. | ||
| 350 | _a0.00 | ||
| 500 | _aBibliography. | ||
| 650 | 0 | _aWIRELESS COMMUNICATION SYSTEMS | |
| 650 | _aWIRELESS INTERNET | ||
| 650 | 7 |
_aTECHNOLOGY _2fast |
|
| 700 | _aElgar, Edward | ||
| 995 |
_D0.00 _FCBU-MAIN LIBRARY (Kitwe) _H1 _I24.00 _M1 _UAVAILABLE _WAug 9, 2006 _ZMain Library Open Access Collection |
||
| 999 |
_c47516 _d47516 |
||